000 004880000a22001810004500
003 MACL
005 20150812123102.0
008 150812b xxu||||| |||| 00| 0 eng d
040 _aMACL
_cMACL
041 _aEnglish
082 _a371/RAJ
100 _aRajput, J S
_94911
245 _aUniversalisation Of Elementary Education
_bRole Of Teacher Education
260 _bVikas Publishing House Pvt. Ltd.
_c1994
_aDelhi
350 _a350
650 _aEducation
_94912
942 _cBK
_k371
_2ddc
999 _c2594
_d2594